|
|
|
|
| LEADER |
00677cam a2200217 7i4500 |
| 001 |
0000020743 |
| 005 |
20080326090000.0 |
| 020 |
0 |
0 |
|a 0-13-205656-3
|
| 090 |
0 |
0 |
|a B 658.8
|b LOV
|
| 100 |
1 |
0 |
|a Lovelock
|
| 245 |
0 |
0 |
|a Service marketing :
|b people,technology,strategy.
|
| 250 |
0 |
0 |
|a 6th ed.
|
| 260 |
0 |
0 |
|a Singapore:
|b Pearson Education International,
|c 2007.
|
| 300 |
# |
# |
|a 648 p.
|
| 650 |
0 |
0 |
|a Marketing --
|x Management
|
| 650 |
0 |
0 |
|a Service industries --
|x Marketing
|
| 650 |
0 |
0 |
|a Professions --
|x Marketing
|
| 650 |
0 |
0 |
|a Customer services --
|x Marketing
|
| 650 |
0 |
0 |
|a Service --
|x Marketing
|
| 700 |
1 |
2 |
|a Wirtz,
|h Jochen
|
| 999 |
|
|
|a 0000021934
|b Book
|c Book
|e Business Information Centre
|